[Event "Titled Tuesday intern op 12th Mar Late"]
[Site "Chess.com INT"]
[Date "2024.03.12"]
[Round "8"]
[White "Golubovic, Erik"]
[Black "Herman, Matthew J"]
[Result "0-1"]
[WhiteElo "2096"]
[BlackElo "2383"]
[PlyCount "132"]
[EventDate "2024.03.12"]
[EventType "swiss (blitz)"]
[EventRounds "11"]
[EventCountry "USA"]
[SourceTitle "CB12_2024"]
[SourceDate "2023.10.01"]
[SourceVersion "1"]
[SourceVersionDate "2023.10.01"]
[SourceQuality "1"]

1. d4 Nf6 2. c4 g6 3. Nc3 Bg7 4. e4 d6 5. Nf3 0-0 6. h3 e5 7. d5 Nh5 8. g3 a5 9. Be2 Na6 10. Be3 Nc5 11. Nd2 Nf6 12. g4 Ne8 13. h4 f5 14. gxf5 gxf5 15. h5 f4 16. Bxc5 dxc5 17. h6 Bf6 18. Bg4 Nd6 19. Bxc8 Qxc8 20. Qh5 Kh8 21. 0-0-0 a4 22. Rdg1 c6 23. Rg2 a3 24. b3 Qd8 25. Nf3 Qa5 26. Kc2 b5 27. Nd2 Qb4 28. Kd3 Rad8 29. Rg7 cxd5 30. Nxd5 bxc4+ 31. bxc4 Qb2 32. Rhg1 Qd4+ 33. Ke2 Nxe4 34. Rxh7+ Kxh7 35. Qg6+ Kh8 36. Qxe4 Qxe4+ 37. Nxe4 Bh4 38. Rg4 f3+ 39. Ke3 Rxd5 40. cxd5 Bd8 41. Rg6 c4 42. Rc6 Kh7 43. Rxc4 Kxh6 44. Rc6+ Kh5 45. Ng3+ Kg4 46. Ke4 Bf6 47. d6 Bh4 48. Nh1 Rd8 49. Kd5 Kh3 50. d7 Kg2 51. Ke6 Kxh1 52. Rc2 Kg2 53. Rd2 e4 54. Rc2 e3 55. fxe3+ f2 56. Rxf2+ Kxf2 57. e4 Ke3 58. e5 Kd4 59. Kd6 Ke4 60. e6 Kd4 61. e7 Bxe7+ 62. Kxe7 Rxd7+ 63. Kxd7 Kc3 64. Kc6 Kb2 65. Kb5 Kxa2 66. Kb4 Kb2 0-1

[Event "Titled Tuesday intern op 12th Mar Early"]
[Site "Chess.com INT"]
[Date "2024.03.12"]
[Round "3"]
[White "Herman, Matthew J"]
[Black "Rohwer, Paul"]
[Result "1-0"]
[WhiteElo "2383"]
[BlackElo "2225"]
[PlyCount "51"]
[EventDate "2024.03.12"]
[EventType "swiss (blitz)"]
[EventRounds "11"]
[EventCountry "USA"]
[SourceTitle "CB12_2024"]
[SourceDate "2023.10.01"]
[SourceVersion "1"]
[SourceVersionDate "2023.10.01"]
[SourceQuality "1"]

1. e4 c5 2. Nf3 d6 3. d4 cxd4 4. Nxd4 Nf6 5. Nc3 a6 6. Bc4 e6 7. a3 b5 8. Ba2 Be7 9. g4 0-0 10. g5 Ne8 11. Rg1 Qc7 12. Rg3 Nc6 13. Nxc6 Qxc6 14. Qh5 g6 15. Qh6 Ng7 16. Be3 Rb8 17. Bd4 e5 18. Nd5 Bd8 19. Nf6+ Bxf6 20. gxf6 Nh5 21. Qxh5 Qxe4+ 22. Be3 Kh8 23. Qh6 Rg8 24. Bxf7 Bf5 25. Bxg8 Rxg8 26. f7 1-0

[Event "Titled Tuesday intern op 12th Mar Late"]
[Site "Chess.com INT"]
[Date "2024.03.12"]
[Round "7"]
[White "Herman, Matthew J"]
[Black "Tari, Aryan"]
[Result "0-1"]
[WhiteElo "2383"]
[BlackElo "2631"]
[PlyCount "51"]
[EventDate "2024.03.12"]
[EventType "swiss (blitz)"]
[EventRounds "11"]
[EventCountry "USA"]
[SourceTitle "CB12_2024"]
[SourceDate "2023.10.01"]
[SourceVersion "1"]
[SourceVersionDate "2023.10.01"]
[SourceQuality "1"]

1. e4 c5 2. Nf3 Nc6 3. Bb5 e5 4. 0-0 Bd6 5. a3 Nge7 6. b4 cxb4 7. axb4 Bxb4 8. c3 Bd6 9. d4 0-0 10. h4 Ng6 11. h5 Nh4 12. Nxh4 Qxh4 13. f4 exf4 14. Nd2 Bc7 15. Nf3 Qxh5 16. Bd3 d5 17. e5 Bg4 18. Bxf4 f6 19. Qd2 fxe5 20. dxe5 Bb6+ 21. Be3 Bxf3 22. Rxf3 Rxf3 23. gxf3 Nxe5 24. Be2 Qg5+ 25. Kf2 Rf8 26. Bxb6 0-1

[Event "Titled Tuesday intern op 12th Mar Late"]
[Site "Chess.com INT"]
[Date "2024.03.12"]
[Round "1"]
[White "Pichot, Alan"]
[Black "Herman, Matthew J"]
[Result "1-0"]
[WhiteElo "2644"]
[BlackElo "2383"]
[PlyCount "71"]
[EventDate "2024.03.12"]
[EventType "swiss (blitz)"]
[EventRounds "11"]
[EventCountry "USA"]
[SourceTitle "CB12_2024"]
[SourceDate "2023.10.01"]
[SourceVersion "1"]
[SourceVersionDate "2023.10.01"]
[SourceQuality "1"]

1. e4 e5 2. Nf3 Nc6 3. Bc4 Nf6 4. d3 Be7 5. a4 a5 6. 0-0 0-0 7. h3 d6 8. Nc3 Be6 9. Re1 h6 10. Bb5 Na7 11. Bc4 Nc6 12. Be3 d5 13. exd5 Nxd5 14. Bb5 Nxc3 15. bxc3 Bd6 16. Bd2 Qf6 17. Bxc6 bxc6 18. c4 Qg6 19. Nxe5 Bxe5 20. Rxe5 Bxh3 21. Qf3 Bg4 22. Qg3 Rfe8 23. Rxe8+ Rxe8 24. Bxa5 Qf6 25. Rf1 h5 26. f3 Be6 27. Bxc7 h4 28. Qf4 Qg6 29. Qxh4 c5 30. Qg3 Qf6 31. Be5 Qh6 32. Re1 Bd7 33. a5 f6 34. Bc3 Rxe1+ 35. Qxe1 Bc6 36. a6 1-0

[Event "Titled Tuesday intern op 12th Mar Early"]
[Site "Chess.com INT"]
[Date "2024.03.12"]
[Round "9"]
[White "Wu, Derek"]
[Black "Herman, Matthew J"]
[Result "1-0"]
[WhiteElo "2295"]
[BlackElo "2383"]
[PlyCount "71"]
[EventDate "2024.03.12"]
[EventType "swiss (blitz)"]
[EventRounds "11"]
[EventCountry "USA"]
[SourceTitle "CB12_2024"]
[SourceDate "2023.10.01"]
[SourceVersion "1"]
[SourceVersionDate "2023.10.01"]
[SourceQuality "1"]

1. d4 Nf6 2. c4 g6 3. Nc3 Bg7 4. e4 d6 5. h3 0-0 6. Nge2 c6 7. g4 a6 8. Ng3 b5 9. Be3 Bb7 10. Qd2 bxc4 11. g5 Nfd7 12. Bxc4 d5 13. Bb3 e5 14. 0-0-0 exd4 15. Bxd4 Bxd4 16. Qxd4 c5 17. Qd2 d4 18. Nd5 Nc6 19. h4 Na5 20. h5 Nxb3+ 21. axb3 Bxd5 22. exd5 Rb8 23. Qf4 Rxb3 24. Rd2 Qa5 25. Kb1 Rfb8 26. hxg6 fxg6 27. Re2 Qc3 28. Qd2 Qc4 29. Rc1 Qd3+ 30. Qxd3 Rxd3 31. Ne4 Rb5 32. Nd6 Rb6 33. Re8+ Kg7 34. Re7+ Kf8 35. Rxd7 Rd2 36. Nc4 1-0

[Event "Titled Tuesday intern op 23rd Jan Late"]
[Site "Chess.com INT"]
[Date "2024.01.23"]
[Round "8"]
[White "Herman, Matthew J"]
[Black "Msellek, Ilyass"]
[Result "0-1"]
[WhiteElo "2383"]
[BlackElo "2406"]
[PlyCount "86"]
[EventDate "2024.01.23"]
[EventType "swiss (blitz)"]
[EventRounds "11"]
[EventCountry "USA"]
[SourceTitle "CB05_2024"]
[SourceDate "2024.01.31"]
[SourceVersion "1"]
[SourceVersionDate "2024.01.31"]
[SourceQuality "1"]

1. e4 Nf6 2. e5 Nd5 3. d4 d6 4. c4 Nb6 5. f4 dxe5 6. fxe5 c5 7. d5 g6 8. Bf4 Bg7 9. Nc3 e6 10. Qd2 exd5 11. cxd5 0-0 12. Nf3 Na6 13. Be2 Nb4 14. Rd1 Bf5 15. 0-0 c4 16. Bh6 Bd3 17. Bxg7 Kxg7 18. d6 Qe8 19. a3 Nc6 20. Bxd3 cxd3 21. Rde1 Nc4 22. Qf4 d2 23. Nxd2 N4xe5 24. Qf6+ Kg8 25. Nde4 Rd8 26. Qh4 f5 27. Nf6+ Rxf6 28. Qxf6 Qf7 29. Qxf7+ Kxf7 30. Nb5 a6 31. Nc3 Rxd6 32. Rd1 Nd4 33. Kf2 Ng4+ 34. Kg1 Ne3 35. Rde1 Nxf1 36. Kxf1 Re6 37. Rd1 Nc2 38. Rd7+ Re7 39. Rd6 Ne3+ 40. Kf2 Ng4+ 41. Kf1 Nxh2+ 42. Kf2 Ng4+ 43. Kf1 Ne3+ 0-1

[Event "Titled Tuesday intern op 23rd Jan Late"]
[Site "Chess.com INT"]
[Date "2024.01.23"]
[Round "10"]
[White "Pace, Christopher"]
[Black "Herman, Matthew J"]
[Result "0-1"]
[WhiteElo "2053"]
[BlackElo "2383"]
[PlyCount "70"]
[EventDate "2024.01.23"]
[EventType "swiss (blitz)"]
[EventRounds "11"]
[EventCountry "USA"]
[SourceTitle "CB05_2024"]
[SourceDate "2024.01.31"]
[SourceVersion "1"]
[SourceVersionDate "2024.01.31"]
[SourceQuality "1"]

1. e4 e5 2. Nf3 Nc6 3. Bb5 a6 4. Ba4 Nf6 5. 0-0 Be7 6. Re1 b5 7. Bb3 0-0 8. a4 b4 9. d3 d6 10. h3 Na5 11. Ba2 c5 12. Nbd2 h6 13. Nc4 Nxc4 14. Bxc4 Be6 15. Bxe6 fxe6 16. Nh2 Qe8 17. Rf1 Nh5 18. Qg4 Qf7 19. Bxh6 a5 20. Bd2 Nf6 21. Qe2 Qg6 22. f4 Nh5 23. f5 exf5 24. exf5 Ng3 25. Qf3 Nxf5 26. Qd5+ Kh8 27. Rf2 Bh4 28. Rf3 Nd4 29. Rxf8+ Rxf8 30. Ng4 Nxc2 31. Rc1 Nd4 32. Re1 Bxe1 33. Bxe1 Qxd3 34. Qxd6 Ne2+ 35. Kh2 Qxd6 0-1

[Event "Titled Tuesday intern op 09th Jan Early"]
[Site "Chess.com INT"]
[Date "2024.01.09"]
[Round "9"]
[White "Herman, Matthew J"]
[Black "Hoffmann, Asa"]
[Result "1-0"]
[WhiteElo "2383"]
[BlackElo "2185"]
[PlyCount "113"]
[EventDate "2024.01.09"]
[EventType "swiss (blitz)"]
[EventRounds "11"]
[EventCountry "USA"]
[SourceTitle "CB03_2024"]
[SourceDate "2024.01.17"]
[SourceVersion "1"]
[SourceVersionDate "2024.01.17"]
[SourceQuality "1"]

1. e4 d6 2. d4 Nf6 3. Nc3 c6 4. f4 Qa5 5. e5 Nd5 6. Qf3 Bf5 7. Bd3 Bxd3 8. Qxd3 Nxc3 9. bxc3 d5 10. Bd2 Qa6 11. Qh3 e6 12. f5 c5 13. Ne2 Be7 14. Nf4 0-0 15. fxe6 fxe6 16. Qxe6+ Rf7 17. Qxa6 Nxa6 18. Nxd5 cxd4 19. Nxe7+ Rxe7 20. cxd4 Nc7 21. a4 h6 22. c4 Rd8 23. Be3 b6 24. 0-0 Rc8 25. Rac1 Na6 26. Rfd1 Rec7 27. d5 Rxc4 28. Rxc4 Rxc4 29. d6 Nb8 30. e6 Re4 31. d7 Nc6 32. d8Q+ Nxd8 33. Rxd8+ Kh7 34. Bf2 Rxe6 35. Rd4 Re2 36. g3 Ra2 37. Kg2 a6 38. Kf3 b5 39. axb5 axb5 40. Rb4 Ra5 41. h4 g5 42. h5 Kg7 43. Bb6 Ra3+ 44. Kg2 Ra2+ 45. Kh3 Ra6 46. Rxb5 Kf7 47. Bd4 Ke6 48. Rb6+ Rxb6 49. Bxb6 Kf5 50. g4+ Kf6 51. Bd4+ Kf7 52. Kg3 Ke6 53. Kf3 Kf7 54. Ke4 Kg8 55. Kf5 Kh7 56. Kf6 Kh8 57. Kg6+ 1-0

[Event "Titled Tuesday intern op 12th Dec Early"]
[Site "Chess.com INT"]
[Date "2023.12.12"]
[Round "7"]
[White "Herman, Matthew J"]
[Black "Mikhailovsky, Vladimir"]
[Result "0-1"]
[WhiteElo "2383"]
[BlackElo "2215"]
[PlyCount "118"]
[EventDate "2023.12.12"]
[EventType "swiss (blitz)"]
[EventRounds "11"]
[EventCountry "USA"]
[SourceTitle "CB51_2023"]
[SourceDate "2023.12.20"]
[SourceVersion "1"]
[SourceVersionDate "2023.12.20"]
[SourceQuality "1"]

1. e4 c5 2. Nf3 e6 3. d4 cxd4 4. Nxd4 Nc6 5. Nc3 a6 6. Be3 Nf6 7. a3 d5 8. exd5 Nxd5 9. Nxd5 Qxd5 10. c4 Qe5 11. Be2 Bc5 12. Nxc6 bxc6 13. Bxc5 Qxc5 14. 0-0 0-0 15. b4 Qe7 16. Bf3 Bd7 17. c5 Ra7 18. Re1 Rb8 19. Qd2 a5 20. Qc3 Be8 21. Rab1 Rab7 22. Re2 axb4 23. axb4 Qc7 24. Reb2 Qf4 25. g3 Qf5 26. Kg2 h5 27. h4 e5 28. Qc4 Bd7 29. Be4 Qh3+ 30. Kg1 Qg4 31. Kg2 Be6 32. Qc2 Rc7 33. Bf3 Qh3+ 34. Kg1 Rd8 35. Qc3 Rd4 36. Qe3 Qf5 37. Re1 f6 38. b5 cxb5 39. Rxb5 Bd5 40. Rb8+ Kh7 41. Bxd5 Rxd5 42. Rb5 Rd3 43. Qe2 Rc3 44. Rd1 Rc2 45. Qe3 Rc4 46. Rd8 Ra4 47. Rb2 Ra1+ 48. Kg2 e4 49. Rbd2 Re7 50. R8d5 Qg4 51. R2d4 Ra2 52. c6 Re2 53. Qf4 Qxf4 54. gxf4 e3 55. Kf3 Rxf2+ 56. Kg3 Rf1 57. Rd1 e2 58. Rxh5+ Kg6 59. f5+ Kxh5 0-1

[Event "Titled Tuesday intern op 12th Dec Early"]
[Site "Chess.com INT"]
[Date "2023.12.12"]
[Round "3"]
[White "Herman, Matthew J"]
[Black "Putnam, Liam H"]
[Result "0-1"]
[WhiteElo "2383"]
[BlackElo "2348"]
[PlyCount "82"]
[EventDate "2023.12.12"]
[EventType "swiss (blitz)"]
[EventRounds "11"]
[EventCountry "USA"]
[SourceTitle "CB51_2023"]
[SourceDate "2023.12.20"]
[SourceVersion "1"]
[SourceVersionDate "2023.12.20"]
[SourceQuality "1"]

1. e4 c6 2. d4 d5 3. e5 c5 4. dxc5 e6 5. Nd2 Bxc5 6. Nb3 Bb6 7. Qg4 Kf8 8. Bd3 Nc6 9. Qe2 Nge7 10. Nf3 Ng6 11. 0-0 Bc7 12. Bxg6 hxg6 13. Bf4 Rh5 14. Bg3 b6 15. Nbd4 Bb7 16. Nxc6 Bxc6 17. Nd4 Bd7 18. f4 Rc8 19. Bf2 Kg8 20. g3 Rb8 21. a4 Qe7 22. c3 Bd8 23. h4 Rc8 24. Rfc1 Rc4 25. b3 Rc8 26. c4 dxc4 27. Rxc4 Rc5 28. Nb5 Rxb5 29. axb5 Bxb5 30. Rd1 Bxc4 31. Qxc4 Rh8 32. Qc8 Kh7 33. Rd7 Qe8 34. Qb7 Rf8 35. Qxa7 b5 36. Bc5 Rg8 37. Rxf7 Qc6 38. Kf2 Qe4 39. Bf8 Qc2+ 40. Kf3 Qc6+ 41. Kf2 Bb6+ 0-1

[Event "Titled Tuesday intern op 12th Dec Early"]
[Site "Chess.com INT"]
[Date "2023.12.12"]
[Round "11"]
[White "Krysa, Leandro Sergio"]
[Black "Herman, Matthew J"]
[Result "1-0"]
[WhiteElo "2541"]
[BlackElo "2383"]
[PlyCount "71"]
[EventDate "2023.12.12"]
[EventType "swiss (blitz)"]
[EventRounds "11"]
[EventCountry "USA"]
[SourceTitle "CB51_2023"]
[SourceDate "2023.12.20"]
[SourceVersion "1"]
[SourceVersionDate "2023.12.20"]
[SourceQuality "1"]

1. e4 e5 2. Nf3 Nc6 3. Bc4 Nf6 4. d3 Be7 5. 0-0 0-0 6. a4 a5 7. Nc3 d6 8. h3 Kh8 9. Ng5 Qe8 10. f4 h6 11. Nf3 Be6 12. Bxe6 fxe6 13. fxe5 dxe5 14. Be3 Rd8 15. Qe1 Nh5 16. Nb5 Rd7 17. Kh2 Kh7 18. g4 Nf4 19. Nxe5 Nxe5 20. Bxf4 Ng6 21. Bg3 Rxf1 22. Qxf1 e5 23. Qf5 Bd6 24. Rf1 Kg8 25. Qh5 Bc5 26. g5 c6 27. Na3 hxg5 28. Qxg5 Bxa3 29. bxa3 Qe6 30. Qf5 Qe8 31. h4 Re7 32. h5 Nf8 33. Bh4 Re6 34. Rg1 g6 35. hxg6 Nxg6 36. Bf6 1-0

[Event "Titled Tuesday intern op 12th Dec Early"]
[Site "Chess.com INT"]
[Date "2023.12.12"]
[Round "10"]
[White "Parra Gomez, Adrian"]
[Black "Herman, Matthew J"]
[Result "0-1"]
[WhiteElo "2208"]
[BlackElo "2383"]
[PlyCount "142"]
[EventDate "2023.12.12"]
[EventType "swiss (blitz)"]
[EventRounds "11"]
[EventCountry "USA"]
[SourceTitle "CB51_2023"]
[SourceDate "2023.12.20"]
[SourceVersion "1"]
[SourceVersionDate "2023.12.20"]
[SourceQuality "1"]

1. d4 Nf6 2. c4 g6 3. Nc3 Bg7 4. e4 d6 5. Be2 0-0 6. Be3 Nbd7 7. Nf3 e5 8. 0-0 Ng4 9. Bg5 f6 10. Bh4 Nh6 11. dxe5 dxe5 12. Qd5+ Nf7 13. Rfd1 c6 14. Qd2 Qe7 15. a3 Nc5 16. Qc2 a5 17. h3 a4 18. Nd2 Qc7 19. Na2 Nd8 20. Nb4 Nde6 21. Nf3 Nb3 22. Rab1 Nec5 23. Nd3 Ne6 24. c5 Ra5 25. Bg3 Kh8 26. Qc4 Nexc5 27. Nxc5 Nxc5 28. Nd4 Nxe4 29. Ne6 Bxe6 30. Qxe6 Nc5 31. Qc4 Qe7 32. Qb4 Raa8 33. Rbc1 b6 34. Qxb6 Ne4 35. Qxc6 Nxg3 36. fxg3 Rfd8 37. Bf3 Rxd1+ 38. Rxd1 Rb8 39. Qxa4 f5 40. Rd7 Qf6 41. Rb7 Rxb7 42. Bxb7 h5 43. Qe8+ Kh7 44. b4 e4 45. b5 Qa1+ 46. Kh2 Qxa3 47. Bd5 Qd6 48. Qg8+ Kh6 49. Qe6 Qxe6 50. Bxe6 Bd4 51. Bc4 Kg7 52. g4 hxg4 53. hxg4 f4 54. Kh1 Kf6 55. Bd5 Ke5 56. Bf7 g5 57. Bc4 Bb6 58. g3 f3 59. Kh2 Kd4 60. Be6 Kd3 61. Kh1 e3 62. Kh2 f2 63. Bf5+ Ke2 64. Be6 f1Q 65. Bc4+ Kf2 66. Bxf1 Kxf1 67. Kh3 e2 68. Kh2 e1Q 69. Kh3 Qe3 70. Kh2 Qf2+ 71. Kh3 Qg2# 0-1

[Event "Titled Tuesday intern op 14th Nov Early"]
[Site "Chess.com INT"]
[Date "2023.11.14"]
[Round "7"]
[White "Parfenov, Viktor N"]
[Black "Herman, Matthew J"]
[Result "0-1"]
[WhiteElo "2193"]
[BlackElo "2383"]
[PlyCount "78"]
[EventDate "2023.11.14"]
[EventType "swiss (blitz)"]
[EventRounds "11"]
[EventCountry "USA"]
[SourceTitle "CB47_2023"]
[SourceDate "2023.11.22"]
[SourceVersion "1"]
[SourceVersionDate "2023.11.22"]
[SourceQuality "1"]

1. c4 Nf6 2. d4 g6 3. Nc3 Bg7 4. e4 d6 5. f3 0-0 6. Be3 e5 7. Nge2 c6 8. d5 a6 9. Ng3 b5 10. dxc6 b4 11. Nd5 Nxc6 12. Bd3 Rb8 13. 0-0 Nd7 14. Qa4 Nd4 15. Bxd4 exd4 16. Nxb4 Nc5 17. Qa3 Rxb4 18. Qxb4 Nxd3 19. Qd2 Nc5 20. Kh1 a5 21. b3 Qb6 22. Rad1 Qb4 23. Ne2 d3 24. Qxb4 axb4 25. Nc1 Be6 26. Nxd3 Bc3 27. Nf4 Be5 28. Nd3 Nxd3 29. Rxd3 g5 30. g3 f5 31. exf5 Bxf5 32. Rd2 Be4 33. Kg2 Rxf3 34. Rxf3 g4 35. c5 gxf3+ 36. Kf2 dxc5 37. Rd7 Bd4+ 38. Kf1 Bd3+ 39. Ke1 f2+ 0-1

[Event "Titled Tuesday intern op 14th Nov Early"]
[Site "Chess.com INT"]
[Date "2023.11.14"]
[Round "5"]
[White "Vigoa Apecheche, Yanira"]
[Black "Herman, Matthew J"]
[Result "0-1"]
[WhiteElo "2232"]
[BlackElo "2383"]
[PlyCount "100"]
[EventDate "2023.11.14"]
[EventType "swiss (blitz)"]
[EventRounds "11"]
[EventCountry "USA"]
[SourceTitle "CB47_2023"]
[SourceDate "2023.11.22"]
[SourceVersion "1"]
[SourceVersionDate "2023.11.22"]
[SourceQuality "1"]

1. d4 Nf6 2. Bg5 d5 3. Nf3 Bf5 4. e3 e6 5. Nbd2 c6 6. Ne5 Nbd7 7. g4 Bg6 8. h4 Nxe5 9. dxe5 h6 10. exf6 hxg5 11. h5 Qxf6 12. Rg1 Bh7 13. c3 Bd6 14. Qb3 0-0-0 15. a4 Bc7 16. a5 a6 17. Ra4 Rd7 18. Be2 Re8 19. Nf3 e5 20. Kf1 Be4 21. Nd2 Bh7 22. Kg2 e4 23. Rga1 Qe5 24. Nf1 f5 25. Rb4 Bb8 26. Bxa6 bxa6 27. Rxb8+ Qxb8 28. Qc2 f4 29. b4 Qe5 30. Kg1 f3 31. Rb1 Rb7 32. c4 d4 33. b5 cxb5 34. cxb5+ Qc7 35. Qa2 Rxb5 36. Rd1 d3 37. Qd2 Bg8 38. Rc1 Rc5 39. Rb1 Rb5 40. Rc1 Rc5 41. Rb1 Re6 42. Ng3 Bh7 43. h6 Rxh6 44. Qb4 Rhc6 45. Qd4 Rc1+ 46. Rxc1 Rxc1+ 47. Kh2 Rc2 48. Kg1 d2 49. Nf5 Bxf5 50. Qe5 Qxe5 0-1

[Event "Titled Tuesday intern op 26th Sep Late"]
[Site "Chess.com INT"]
[Date "2023.09.26"]
[Round "2"]
[White "Cardozo Munar, Carlos Eduardo"]
[Black "Herman, Matthew J"]
[Result "0-1"]
[WhiteElo "2043"]
[BlackElo "2383"]
[PlyCount "140"]
[EventDate "2023.09.26"]
[EventType "swiss (blitz)"]
[EventRounds "11"]
[EventCountry "USA"]
[SourceTitle "EXT 2024"]
[Source "ChessBase"]
[SourceDate "2023.10.10"]
[SourceVersion "1"]
[SourceVersionDate "2023.10.10"]
[SourceQuality "1"]

1. e4 c5 2. Nf3 Nc6 3. Nc3 e6 4. d4 cxd4 5. Nxd4 a6 6. Nxc6 bxc6 7. g3 d5 8. Bg2 Nf6 9. 0-0 Bc5 10. exd5 cxd5 11. Bg5 0-0 12. a3 h6 13. Bf4 Bb7 14. b4 Ba7 15. Qd2 Rc8 16. Rad1 Re8 17. Rfe1 Ng4 18. Re2 g5 19. Be5 Nxe5 20. Rxe5 Qf6 21. Rde1 Bxf2+ 22. Qxf2 Qxf2+ 23. Kxf2 Rxc3 24. R1e2 Rec8 25. h4 g4 26. R5e3 Rxc2 27. Bf1 d4 28. Rxc2 dxe3+ 29. Kxe3 Rxc2 30. Kf4 h5 31. Kg5 Rc3 32. Kxh5 Rxg3 33. a4 Ra3 34. Kxg4 Rxa4 35. Kg5 Rxb4 36. h5 Be4 37. Bxa6 Bh7 38. Be2 Rb2 39. Bf3 Rf2 40. Bc6 Kg7 41. h6+ Kf8 42. Ba8 Ke7 43. Bb7 Rf5+ 44. Kg4 Rc5 45. Ba8 Kf6 46. Kh4 Kg6 47. Be4+ Kxh6 48. Ba8 Bg6 49. Kg3 Rc4 50. Kf2 Rb4 51. Bc6 Rb3 52. Be4 Ra3 53. Bb7 f5 54. Bc8 e5 55. Be6 Kg5 56. Bg8 Kf4 57. Bf7 e4 58. Bxg6 Ra2+ 59. Ke1 Ke3 60. Kf1 f4 61. Bh5 f3 62. Kg1 Rg2+ 63. Kh1 Rg5 64. Be8 Kf2 65. Kh2 Rg8 66. Bh5 e3 67. Kh3 e2 68. Bxf3 Kxf3 69. Kh2 Rg7 70. Kh3 Rh7# 0-1

[Event "Titled Tuesday intern op 26th Sep Late"]
[Site "Chess.com INT"]
[Date "2023.09.26"]
[Round "6"]
[White "Herman, Matthew J"]
[Black "Degtiarev, Evgeny"]
[Result "0-1"]
[WhiteElo "2383"]
[BlackElo "2384"]
[PlyCount "58"]
[EventDate "2023.09.26"]
[EventType "swiss (blitz)"]
[EventRounds "11"]
[EventCountry "USA"]
[SourceTitle "EXT 2024"]
[Source "ChessBase"]
[SourceDate "2023.10.10"]
[SourceVersion "1"]
[SourceVersionDate "2023.10.10"]
[SourceQuality "1"]

1. e4 e5 2. Nf3 Nc6 3. Bb5 Nf6 4. d3 Bc5 5. c3 d5 6. Nbd2 dxe4 7. dxe4 0-0 8. 0-0 a5 9. a4 Qe7 10. Qc2 Nb8 11. h3 c6 12. Be2 h6 13. Nc4 Nbd7 14. Bd2 Ne8 15. Rfb1 Nd6 16. b4 Nxc4 17. Bxc4 Bb6 18. Re1 Nf6 19. Qb3 Be6 20. Bxe6 Qxe6 21. Qxe6 fxe6 22. bxa5 Rxa5 23. c4 Ra6 24. a5 Ba7 25. Bb4 Ra8 26. Rad1 b6 27. Nxe5 bxa5 28. Ba3 Rb6 29. Rd3 a4 0-1

[Event "Titled Tuesday intern op 26th Sep Early"]
[Site "Chess.com INT"]
[Date "2023.09.26"]
[Round "10"]
[White "Herman, Matthew J"]
[Black "Kleiman, Jake"]
[Result "1-0"]
[WhiteElo "2383"]
[BlackElo "2399"]
[PlyCount "69"]
[EventDate "2023.09.26"]
[EventType "swiss (blitz)"]
[EventRounds "11"]
[EventCountry "USA"]
[SourceTitle "EXT 2024"]
[Source "ChessBase"]
[SourceDate "2023.10.10"]
[SourceVersion "1"]
[SourceVersionDate "2023.10.10"]
[SourceQuality "1"]

1. e4 e5 2. Nf3 Nc6 3. Bb5 Nf6 4. d3 Bc5 5. c3 d6 6. Bg5 0-0 7. Nbd2 a6 8. Ba4 Ba7 9. Nf1 h6 10. Bh4 Ne7 11. Bxf6 gxf6 12. d4 Ng6 13. Ne3 Kh7 14. h4 Rg8 15. g3 Be6 16. Bc2 c6 17. Qe2 Qb6 18. 0-0-0 Qa5 19. a3 c5 20. d5 Bd7 21. Nf5 Bxf5 22. exf5 Ne7 23. Nd2 Qd8 24. Ne4 Nc8 25. Qh5 Kg7 26. g4 Rh8 27. Rdg1 c4 28. Rh3 b5 29. Rhg3 Rb8 30. g5 hxg5 31. Rxg5+ fxg5 32. Rxg5+ Kf8 33. Qxh8+ Ke7 34. Qf6+ Ke8 35. Rg8+ 1-0